000 00397nam a2200145Ia 4500
008 240624s9999 xx 000 0 und d
041 _aeng
082 _a658.1511076 WAR
100 _aWARREN CARL S
245 _aFINANCIAL AND MANAGERIAL ACCOUNTING
250 _a(12th ed.)
260 _c2014
_aSingapore
_bSouth-Western Cengage Learning
300 _axxxii, 1279 p.; 27 cm.
365 _cBPS
_b26
999 _c29912
_d29912